Lm̕ites penales a la disponibilidad de la propia vida el debate en Espaą /

Bibliographic Details
Main Author: Toledano Toledano, Jess︢ R
Format: Unknown
Language:Spanish
Published: [Barcelona] : Atelier, D.L. 1999
Subjects:
Online Access:Acceso restringido

MARC

LEADER 00000ny a22000003n 4500
005 20110623104252.0
008 031203s1999 sp s 000 0 spa c
017 |a D.L. 50992-1999 
020 |a 8493052485 
035 |a 522 
040 |a NoBUC  |d vLex 
040 |a UMA.RE  |d vLex 
080 |a 179.7:343.6 
080 |a 343.6:179.6 
090 |c 1034  |d 1034 
100 1 |a Toledano Toledano, Jess︢ R 
245 1 0 |a Lm̕ites penales a la disponibilidad de la propia vida  |h [Recurso electrn̤ico]  |b el debate en Espaą /  |c Jess︢ R. Toledano Toledano 
256 |a Servicio en ln̕ea 
260 |a [Barcelona] :  |b Atelier,  |c D.L. 1999 
300 |a 290 p ;  |c 21 cm 
504 |a Bibliogr.: p. [283]-290 
506 1 |a Contenido solo disponible en los productos indicados  |d vLex Global  |d vLex Global (Academic Edition, excluding Law Schools)  |d vLex Global (U.S. Academic Edition, Law Schools)  |d vLex Global (U.S. Academic Edition, excluding Law Schools)  |d vLex Global (Academic Edition, Law Schools) 
650 0 7 |a Penal  |2 Tesauro vLex 
650 0 7 |a Suicidio  |2 Tesauro vLex 
740 0 |a vLex Libros (Servicios en ln̕ea) 
856 4 0 |u http://vlex.com/source/522  |z Acceso restringido 
942 |c BOOK